000 00638nam a2200193Ia 4500
003 GCL
008 140319s9999 xx 000 0 ara d
040 _aGCL /
_cGCL
082 0 4 _a380.53
_bم ت
100 1 _aمحمد البديوى فؤاد
245 1 0 _aتنظيم نقل البضائع بالسيارات للمشروعات التجارية والصناعية /
_cمحمد البديوى فؤاد
260 _a[S.N] :
_bالهيئة المصرية العامة للكتاب ،
_c1992
300 _a207 ص
490 _a
650 0 4 _aالتجارة
650 0 4 _aالمواصلات
650 0 4 _aالنقل
942 _2ddc
_cBK
999 _c31824
_d31824